NHL Teams By Pictures - Statistics

General Stats
  • This quiz has been taken 536 times
  • The average score is 23 of 31
Answer Stats
Picture Answer % Correct
Montreal Canadiens
98%
Anaheim Ducks
91%
Toronto Maple Leafs
91%
Pittsburgh Penguins
90%
Carolina Hurricanes
89%
San Jose Sharks
86%
Winnipeg Jets
86%
Buffalo Sabres
84%
Colorado Avalanche
84%
Tampa Bay Lightning
84%
Vegas Golden Knights
84%
Washington Capitals
84%
Boston Bruins
83%
Florida Panthers
83%
Calgary Flames
82%
Edmonton Oilers
78%
Minnesota Wild
78%
Los Angeles Kings
77%
Arizona Coyotes
76%
Dallas Stars
75%
St Louis Blues
71%
Nashville Predators
66%
Philadelphia Flyers
66%
Vancouver Canucks
64%
New Jersey Devils
62%
Ottawa Senators
56%
New York Rangers
54%
Detroit Red Wings
53%
Columbus Blue Jackets
41%
New York Islanders
41%
Chicago Blackhawks
39%
No matching quizzes found
Score Distribution
Percent of People with Each Score
Percentile by Number Answered
Your Score History
You have not taken this quiz